[Event "III Open A Carnevale"]
[Site "Milano ITA"]
[Date "2012.02.17"]
[Round "3"]
[White "Brociner, Beniamino"]
[Black "Montoli, Marco"]
[Result "1/2-1/2"]
[WhiteElo "1951"]
[BlackElo "1904"]
[PlyCount "56"]
[EventDate "2012.02.15"]

1. e4 c5 2. Nf3 e6 3. d4 cxd4 4. Nxd4 Nc6 5. Nc3 Qc7 6. Be2 a6 7. O-O Nf6 8.
Be3 Bb4 9. Na4 Be7 10. Nxc6 bxc6 11. Qd4 Rb8 12. a3 O-O 13. f4 d6 14. Bf3 c5
15. Qc4 Bd7 16. Nc3 Rxb2 17. Rf2 Rb6 18. g4 Rfb8 19. g5 Ne8 20. Bg4 Bb5 21. Qa2
Bc6 22. f5 e5 23. Bh5 Bf8 24. g6 Nf6 25. gxf7+ Kh8 26. Bf3 R6b7 27. Rd1 Qxf7
28. Qxf7 Rxf7 1/2-1/2

[Event "III Open A Carnevale"]
[Site "Milano ITA"]
[Date "2012.02.17"]
[Round "3"]
[White "Coppola, Federico"]
[Black "Facchetti, Gianni"]
[Result "0-1"]
[WhiteElo "1814"]
[BlackElo "2084"]
[PlyCount "109"]
[EventDate "2012.02.15"]

1. e4 e5 2. Nf3 Nc6 3. Bb5 Bc5 4. O-O Nf6 5. c3 O-O 6. d4 Bb6 7. Re1 exd4 8.
cxd4 d5 9. e5 Ne4 10. Nc3 Nxf2 11. Kxf2 Nxd4 12. Nxd4 Qh4+ 13. Kg1 Bxd4+ 14.
Kh1 Bf2 15. Be3 Bg3 16. Bg1 Bxe1 17. Qxe1 Qxe1 18. Rxe1 c6 19. Bd3 b6 20. b4
Be6 21. Bd4 Rfc8 22. Na4 Rc7 23. Rc1 Bd7 24. Nb2 c5 25. bxc5 bxc5 26. Rxc5 Rxc5
27. Bxc5 Rc8 28. Be3 Re8 29. Bd4 f6 30. exf6 Re1+ 31. Bg1 gxf6 32. h3 Ra1 33.
a4 Bxa4 34. Nxa4 Rxa4 35. Bc2 Ra1 36. Bb3 a5 37. Kh2 a4 38. Bd4 Rb1 39. Bxd5+
Kg7 40. Ba2 Rc1 41. Kg3 Rc2 42. Bb1 Rc4 43. Be3 a3 44. Bd2 a2 45. Bxa2 Rc2 46.
Be3 Rxa2 47. Kf3 h5 48. g4 Kg6 49. h4 Ra4 50. gxh5+ Kxh5 51. Bf2 Kg6 52. Bg3
Kf5 53. Bf2 Rb4 54. Be1 Rb3+ 55. Kg2 0-1

[Event "III Open A Carnevale"]
[Site "Milano ITA"]
[Date "2012.02.17"]
[Round "3"]
[White "Guzzetti, Luigi Enrico"]
[Black "Petrone, Gianmario"]
[Result "1/2-1/2"]
[WhiteElo "1905"]
[BlackElo "1933"]
[PlyCount "69"]
[EventDate "2012.02.15"]

1. e4 c5 2. Nf3 d6 3. d4 cxd4 4. Nxd4 Nf6 5. Nc3 a6 6. Be2 e5 7. Nb3 Be7 8. Be3
O-O 9. O-O Be6 10. f3 b5 11. a4 b4 12. Nd5 Nxd5 13. exd5 Bf5 14. c4 bxc3 15.
bxc3 Nd7 16. a5 Bg5 17. Qd2 Bxe3+ 18. Qxe3 Qc7 19. Rfc1 Rfc8 20. c4 Nc5 21.
Nxc5 Qxc5 22. Qxc5 Rxc5 23. Ra3 Rb8 24. Kf2 Kf8 25. g4 Bg6 26. h4 h6 27. h5 Bh7
28. Ke3 Ke7 29. Rcc3 Kd7 30. Rcb3 Rxb3+ 31. Rxb3 Rxa5 32. Rb7+ Ke8 33. Rb8+ Ke7
34. Rb7+ Ke8 35. Rb8+ 1/2-1/2

[Event "III Open A Carnevale"]
[Site "Milano ITA"]
[Date "2012.02.17"]
[Round "3"]
[White "Lanzani, Mario"]
[Black "Arnold, Daniele"]
[Result "1-0"]
[WhiteElo "2347"]
[BlackElo "1829"]
[PlyCount "133"]
[EventDate "2012.02.15"]

1. d4 d5 2. c4 c6 3. Nf3 Nf6 4. Nc3 e6 5. g3 Bd6 6. Bg2 O-O 7. O-O Nbd7 8. b3
Re8 9. Bb2 Qe7 10. Qc2 dxc4 11. bxc4 e5 12. e3 Rb8 13. a4 b6 14. a5 b5 15. dxe5
Bxe5 16. Nxe5 Nxe5 17. cxb5 cxb5 18. Ne2 Bb7 19. Bxb7 Rxb7 20. Bxe5 Qxe5 21. a6
Rc7 22. Qd3 Rec8 23. Rab1 Rc4 24. Rfd1 g6 25. Qd6 Qxd6 26. Rxd6 R4c6 27. Rxc6
Rxc6 28. Rxb5 Rxa6 29. Nc3 Kf8 30. Rb7 Ra3 31. Rc7 Ra1+ 32. Kg2 Rc1 33. Kf3 a5
34. Rc5 Nd7 35. Rd5 Rxc3 36. Rxd7 a4 37. Ra7 Ra3 38. g4 Ra1 39. h4 a3 40. Kf4
a2 41. h5 h6 42. hxg6 fxg6 43. Kf3 h5 44. gxh5 gxh5 45. Kg2 h4 46. e4 Ke8 47.
e5 Re1 48. Rxa2 Rxe5 49. Ra4 Kf7 50. Rxh4 Kg6 51. Kg3 Re1 52. Ra4 Kf5 53. Ra5+
Kf6 54. Kf4 Rf1 55. Ra6+ Kf7 56. f3 Kf8 57. Kg4 Rg1+ 58. Kf5 Kf7 59. f4 Kf8 60.
Kf6 Ke8 61. f5 Rg2 62. Ra8+ Kd7 63. Kf7 Rg1 64. Ra2 Rd1 65. f6 Rd3 66. Rg2 Kd8
67. Kg8 1-0

[Event "III Open A Carnevale"]
[Site "Milano ITA"]
[Date "2012.02.17"]
[Round "3"]
[White "Miracola, Giorgia"]
[Black "Monticone, Sonia"]
[Result "1/2-1/2"]
[WhiteElo "1798"]
[BlackElo "1871"]
[PlyCount "48"]
[EventDate "2012.02.15"]

1. e4 c5 2. Nf3 e6 3. c4 Nc6 4. Nc3 a6 5. d4 cxd4 6. Nxd4 Qc7 7. Be3 Nf6 8. f4
Bb4 9. Qd3 d5 10. cxd5 exd5 11. e5 Ne4 12. Nde2 Be6 13. a3 Bxc3+ 14. Nxc3 Qa5
15. Be2 Bf5 16. Qxd5 Nxc3 17. Qxa5 Nxa5 18. bxc3 Be4 19. Kf2 Rc8 20. c4 Nxc4
21. Bxc4 Rxc4 22. Rhc1 Rxc1 23. Rxc1 Bc6 24. Bc5 Kd7 1/2-1/2

[Event "III Open A Carnevale"]
[Site "Milano ITA"]
[Date "2012.02.17"]
[Round "3"]
[White "Miracola, Massimiliano"]
[Black "Montani, Francesco"]
[Result "0-1"]
[WhiteElo "2084"]
[BlackElo "2209"]
[PlyCount "34"]
[EventDate "2012.02.15"]

1. e4 e5 2. Nf3 Nc6 3. Nc3 Nf6 4. Bb5 Nd4 5. Bc4 c6 6. Nxe5 d5 7. exd5 Bd6 8.
O-O Bxe5 9. Re1 O-O 10. Rxe5 Ng4 11. Rh5 g6 12. Rh3 Ne5 13. Rd3 Nxd3 14. Bxd3
cxd5 15. Ne2 Bg4 16. f3 Qb6 17. Kf1 Nxf3 0-1

[Event "III Open A Carnevale"]
[Site "Milano ITA"]
[Date "2012.02.17"]
[Round "3"]
[White "Nepi, Ezio"]
[Black "Pace, Pietro Dario"]
[Result "0-1"]
[WhiteElo "1934"]
[BlackElo "2294"]
[PlyCount "54"]
[EventDate "2012.02.15"]

1. d4 Nf6 2. c4 e6 3. Nc3 Bb4 4. Qc2 c5 5. dxc5 Na6 6. a3 Bxc3+ 7. Qxc3 Nxc5 8.
b4 Nce4 9. Qd3 d5 10. f3 Nd6 11. c5 Nc4 12. Bg5 h6 13. Bh4 a5 14. b5 a4 15. Rb1
Qe7 16. e3 Qxc5 17. Ne2 Qxa3 18. Nc3 Bd7 19. Be2 Rc8 20. Bxf6 gxf6 21. O-O Ne5
22. Qd4 Qxc3 23. Qf4 Ng6 24. Qd6 Qxe3+ 25. Rf2 Nf4 26. Bf1 Rg8 27. g3 Rc2 0-1

[Event "III Open A Carnevale"]
[Site "Milano ITA"]
[Date "2012.02.17"]
[Round "3"]
[White "Reale, Simone"]
[Black "Bemporad, Filippo"]
[Result "0-1"]
[WhiteElo "1904"]
[BlackElo "2055"]
[PlyCount "50"]
[EventDate "2012.02.15"]

1. d4 Nf6 2. c4 e6 3. Nf3 b6 4. a3 Bb7 5. Nc3 Be7 6. d5 O-O 7. e4 d6 8. Be2 c5
9. O-O exd5 10. cxd5 Nbd7 11. Nd2 Re8 12. f4 Nf8 13. Kh1 Ng6 14. Nf3 Bf8 15.
Bb5 Nd7 16. e5 a6 17. e6 axb5 18. f5 Nge5 19. Ng5 Nf6 20. Bf4 fxe6 21. fxe6 b4
22. Bxe5 dxe5 23. Rxf6 Qxf6 24. Nce4 Qg6 25. Qe2 Bxd5 0-1

[Event "III Open A Carnevale"]
[Site "Milano ITA"]
[Date "2012.02.17"]
[Round "3"]
[White "Vezzosi, Paolo"]
[Black "Gonella, Daniele"]
[Result "1-0"]
[WhiteElo "2282"]
[BlackElo "2100"]
[PlyCount "81"]
[EventDate "2012.02.15"]

1. d4 d5 2. Nf3 Nf6 3. c4 e6 4. Nc3 Be7 5. Bg5 O-O 6. e3 h6 7. Bh4 b6 8. cxd5
exd5 9. Bd3 c5 10. dxc5 bxc5 11. Bxf6 Bxf6 12. Nxd5 Bxb2 13. Rb1 Be6 14. Be4 f5
15. Ne7+ Qxe7 16. Bxa8 Bc3+ 17. Kf1 Bc4+ 18. Kg1 Rd8 19. Qc2 Qf6 20. Rd1 Rxd1+
21. Qxd1 Bxa2 22. Bd5+ Bxd5 23. Qxd5+ Kh7 24. Qxc5 a5 25. Nd4 Bxd4 26. Qxd4
Qxd4 27. exd4 Kg6 28. Kf1 Nc6 29. d5 Nd4 30. Ke1 Kf6 31. Kd2 Ke5 32. Kc3 Ne2+
33. Kc4 Kd6 34. g3 f4 35. Ra1 f3 36. Rxa5 Ng1 37. Ra6+ Kc7 38. Rc6+ Kd7 39. Ra6
Nh3 40. Ra7+ Ke8 41. Kd3 1-0

[Event "III Open A Carnevale"]
[Site "Milano ITA"]
[Date "2012.02.17"]
[Round "3"]
[White "Villalba, Fernando"]
[Black "D'Orta, Antonio"]
[Result "0-1"]
[WhiteElo "1881"]
[BlackElo "1920"]
[PlyCount "88"]
[EventDate "2012.02.15"]

1. d4 c6 2. Nf3 d5 3. Bf4 Nf6 4. e3 Qb6 5. Qc1 Bg4 6. Be2 Nbd7 7. Nbd2 Nh5 8.
Bg3 Nxg3 9. hxg3 e6 10. b3 Qa5 11. O-O Ba3 12. Qd1 Bb2 13. Rb1 Bc3 14. a4 O-O
15. Bd3 e5 16. b4 Qxa4 17. dxe5 Nxe5 18. Be2 Nxf3+ 19. Nxf3 Bf5 20. Rb3 Bxb4
21. Qc1 a5 22. Qb2 c5 23. Ra1 Qe8 24. Nh4 Bd7 25. Rd3 d4 26. Bf1 Bc3 27. Rxc3
dxc3 28. Qxc3 b6 29. Rb1 Rb8 30. Qd3 Qe6 31. Nf3 Bc6 32. Qc3 Qf6 33. Qxf6 gxf6
34. Nh4 Be4 35. Rc1 Rfd8 36. f3 Bc6 37. Nf5 Rb7 38. Bd3 a4 39. Kf2 b5 40. Ra1
c4 41. Nh6+ Kf8 42. Bxh7 Rd2+ 43. Ke1 Rxg2 44. Nf5 Bxf3 0-1

[Event "III Open A Carnevale"]
[Site "Milano ITA"]
[Date "2012.02.17"]
[Round "3"]
[White "Virzi, Ettore"]
[Black "Pelizzola, Danilo"]
[Result "1/2-1/2"]
[WhiteElo "1960"]
[BlackElo "1963"]
[PlyCount "85"]
[EventDate "2012.02.15"]

1. e4 e5 2. Nf3 Nc6 3. Bb5 a6 4. Ba4 Nf6 5. O-O Nxe4 6. d4 b5 7. Bb3 d5 8. dxe5
Be6 9. Nbd2 Nc5 10. c3 Be7 11. Bc2 d4 12. Nxd4 Nxd4 13. cxd4 Qxd4 14. Ne4 Qxd1
15. Rxd1 h6 16. Be3 Nd7 17. f4 g6 18. Rd2 Bf5 19. Rc1 Bb4 20. Rd4 Ba5 21. Rdd1
O-O-O 22. Nd6+ cxd6 23. Bxf5+ Kb8 24. Bxd7 Rxd7 25. Bc5 Rc8 26. Bxd6+ Kb7 27.
Rxc8 Kxc8 28. Kf2 h5 29. Kf3 Rd8 30. Ke4 Re8 31. h3 Bb6 32. Rh1 Kd7 33. Rd1 Ke6
34. Bb4 f5+ 35. Kf3 Rd8 36. Rxd8 Bxd8 37. Ke3 Kd5 38. Kd3 Bh4 39. Bd2 Bf2 40.
Be3 Be1 41. b3 Ba5 42. Bd2 Bd8 43. Be3 1/2-1/2

[Event "III Open A Carnevale"]
[Site "Milano ITA"]
[Date "2012.02.18"]
[Round "4"]
[White "Arnold, Daniele"]
[Black "Brociner, Beniamino"]
[Result "0-1"]
[WhiteElo "1829"]
[BlackElo "1951"]
[PlyCount "56"]
[EventDate "2012.02.15"]

1. e4 c5 2. Nf3 e6 3. d4 cxd4 4. Nxd4 Nf6 5. Bd3 Nc6 6. Be3 e5 7. Nb3 d5 8.
exd5 Nxd5 9. Bd2 Be6 10. Nc3 Be7 11. O-O O-O 12. Re1 f5 13. Bf1 Qd7 14. Nxd5
Bxd5 15. Bc3 Qe6 16. Qe2 Bf6 17. Rad1 Rad8 18. Nc5 Qe7 19. Qb5 a6 20. Qb6 Rf7
21. Nd3 Qd6 22. Nxe5 Bxe5 23. Bxe5 Nxe5 24. Qxd6 Nf3+ 25. gxf3 Rxd6 26. Re8+
Rf8 27. Rxf8+ Kxf8 28. Bc4 Rg6+ 0-1

[Event "III Open A Carnevale"]
[Site "Milano ITA"]
[Date "2012.02.18"]
[Round "4"]
[White "Bemporad, Filippo"]
[Black "Gonella, Daniele"]
[Result "1-0"]
[WhiteElo "2055"]
[BlackElo "2100"]
[PlyCount "87"]
[EventDate "2012.02.15"]

1. d4 d5 2. c4 e6 3. Nf3 Nf6 4. g3 c5 5. Bg2 Nc6 6. O-O Be7 7. cxd5 exd5 8. b3
O-O 9. Bb2 Re8 10. Nc3 Be6 11. Rc1 Ne4 12. dxc5 Qa5 13. a3 Bxc5 14. b4 Qb6 15.
Nxe4 dxe4 16. Ng5 Be3 17. Rxc6 bxc6 18. Nxe6 Rxe6 19. fxe3 Qxe3+ 20. Kh1 f6 21.
Re1 Ree8 22. Qd4 Qb3 23. Qc3 Qd5 24. Rc1 Rad8 25. Kg1 Qd2 26. e3 Qe2 27. Qc4+
Qxc4 28. Rxc4 Rd1+ 29. Bf1 Re6 30. Bd4 Rd6 31. Rc2 Rd5 32. Kg2 Rf5 33. Be2 Rb1
34. Rxc6 a5 35. b5 h5 36. b6 Kh7 37. Rc2 Rd5 38. Bc4 Rd7 39. Ba2 Rb5 40. Be6
Rd6 41. Bc8 Rbxb6 42. Bxb6 Rxb6 43. Bf5+ g6 44. Bxe4 1-0

[Event "III Open A Carnevale"]
[Site "Milano ITA"]
[Date "2012.02.18"]
[Round "4"]
[White "D'Orta, Antonio"]
[Black "Virzi, Ettore"]
[Result "1/2-1/2"]
[WhiteElo "1920"]
[BlackElo "1960"]
[PlyCount "98"]
[EventDate "2012.02.15"]

1. e4 e5 2. Nf3 Nc6 3. Bb5 a6 4. Ba4 Nf6 5. O-O b5 6. Bb3 Bc5 7. d3 d6 8. h3 h6
9. c3 O-O 10. a4 Rb8 11. Be3 Bxe3 12. fxe3 d5 13. Nbd2 dxe4 14. Nxe4 Nxe4 15.
dxe4 Qe7 16. axb5 axb5 17. Bd5 Rb6 18. b4 Nd8 19. Ra7 Rg6 20. Qe1 Bxh3 21. Nh4
Qg5 22. Kh2 Bxg2 23. Rg1 Qh5 24. Rxg2 Rxg2+ 25. Kxg2 g5 26. Nf5 Qg4+ 27. Qg3
Qe2+ 28. Qf2 Qg4+ 29. Ng3 c6 30. Bb3 Qc8 31. Qf5 Ne6 32. Bxe6 Qxe6 33. Qxe6
fxe6 34. Rd7 c5 35. Kh3 Rf3 36. Kg4 Rxe3 37. bxc5 Rxc3 38. c6 Rxc6 39. Kh5 Kf8
40. Kxh6 Ke8 41. Rb7 Rc3 42. Nh5 g4 43. Rxb5 Ke7 44. Rxe5 Re3 45. Ng7 Rh3+ 46.
Kg6 g3 47. Nxe6 Kd6 48. Rg5 Kxe6 49. Kg7 Rh4 1/2-1/2

[Event "III Open A Carnevale"]
[Site "Milano ITA"]
[Date "2012.02.18"]
[Round "4"]
[White "Marchini, Daniele"]
[Black "Nepi, Ezio"]
[Result "1-0"]
[WhiteElo "1820"]
[BlackElo "1934"]
[PlyCount "67"]
[EventDate "2012.02.15"]

1. d4 d5 2. c4 c6 3. cxd5 cxd5 4. Nc3 Nf6 5. Bf4 Nc6 6. e3 a6 7. Bd3 e6 8. a3
Be7 9. Nf3 O-O 10. h3 Bd7 11. Qc2 Rc8 12. g4 g6 13. Bh6 Re8 14. Rg1 Bf8 15.
Bxf8 Kxf8 16. h4 e5 17. dxe5 Nxe5 18. Nxe5 Rxe5 19. Qb3 Bxg4 20. Rxg4 Nxg4 21.
Qb4+ Kg7 22. Qxg4 d4 23. Qf4 Re8 24. Ne4 Rc6 25. Rd1 dxe3 26. fxe3 Qb6 27. b4
f5 28. Nc5 Rd6 29. h5 Qc6 30. h6+ Kh8 31. Kf2 b6 32. Bb5 Qxb5 33. Qxd6 bxc5 34.
Qf6+ 1-0

[Event "III Open A Carnevale"]
[Site "Milano ITA"]
[Date "2012.02.18"]
[Round "4"]
[White "Montani, Francesco"]
[Black "Vezzosi, Paolo"]
[Result "1/2-1/2"]
[WhiteElo "2209"]
[BlackElo "2282"]
[PlyCount "68"]
[EventDate "2012.02.15"]

1. e4 c5 2. Nf3 Nc6 3. Bb5 g6 4. O-O Bg7 5. Re1 Nf6 6. e5 Nd5 7. Nc3 Nc7 8.
Bxc6 dxc6 9. h3 O-O 10. d3 b6 11. Qe2 Nd5 12. Qe4 Nxc3 13. bxc3 Bd7 14. Qh4 f6
15. Bh6 Be8 16. Bxg7 Kxg7 17. Re3 Rc8 18. Rae1 Bf7 19. Nh2 Rc7 20. Qf4 g5 21.
Rg3 Bg6 22. Qe3 Qd5 23. Nf3 Qxa2 24. exf6+ exf6 25. Nxg5 Re8 26. Ne6+ Kg8 27.
Qe4 Rg7 28. Qxc6 Rge7 29. Rge3 Qxc2 30. Nd4 cxd4 31. Rxe7 Rxe7 32. Rxe7 Qc1+
33. Kh2 Qf4+ 34. Kg1 Qc1+ 1/2-1/2

[Event "III Open A Carnevale"]
[Site "Milano ITA"]
[Date "2012.02.18"]
[Round "4"]
[White "Monticone, Sonia"]
[Black "Guzzetti, Luigi Enrico"]
[Result "0-1"]
[WhiteElo "1871"]
[BlackElo "1905"]
[PlyCount "108"]
[EventDate "2012.02.15"]

1. e4 c5 2. Nf3 e6 3. d4 cxd4 4. Nxd4 a6 5. c4 Nf6 6. Nc3 Qc7 7. a3 Nc6 8. Be3
Be7 9. Be2 O-O 10. O-O d6 11. Rc1 Nxd4 12. Bxd4 Bd7 13. Kh1 Rac8 14. Qd2 Bc6
15. f3 Qb8 16. b4 Rfd8 17. Bb6 Re8 18. b5 axb5 19. cxb5 Bd7 20. f4 Bd8 21. Bxd8
Rexd8 22. Qe3 Qa8 23. a4 Qa5 24. Qg3 d5 25. e5 Ne4 26. Nxe4 dxe4 27. Ra1 Qd2
28. Qe1 Be8 29. Rd1 Qc2 30. Rxd8 Rxd8 31. Bd1 Qc4 32. Qe2 Qxe2 33. Bxe2 Rd2 34.
Re1 f5 35. exf6 gxf6 36. Kg1 f5 37. g4 Kg7 38. g5 h6 39. h4 hxg5 40. hxg5 Kg6
41. Kf1 e5 42. fxe5 Kxg5 43. Rc1 f4 44. e6 f3 45. Bxf3 exf3 46. Rc8 Kf4 47. Ke1
Re2+ 48. Kf1 Rxe6 49. Rc4+ Re4 50. Rc8 Bd7 51. Rc7 Bh3+ 52. Kg1 Rxa4 53. Rxb7
Kg3 54. Rg7+ Bg4 0-1

[Event "III Open A Carnevale"]
[Site "Milano ITA"]
[Date "2012.02.18"]
[Round "4"]
[White "Montoli, Marco"]
[Black "Coppola, Federico"]
[Result "1-0"]
[WhiteElo "1904"]
[BlackElo "1814"]
[PlyCount "35"]
[EventDate "2012.02.15"]

1. c4 e5 2. g3 Nf6 3. Bg2 Nc6 4. Nc3 Bc5 5. Nf3 O-O 6. d3 h6 7. O-O d5 8. cxd5
Nxd5 9. a3 Re8 10. Qc2 Nxc3 11. bxc3 Bf5 12. Nd2 Bg6 13. Rb1 Bb6 14. Nc4 f5 15.
a4 Qf6 16. a5 Nxa5 17. Nxa5 Bxa5 18. Qa2+ 1-0

[Event "III Open A Carnevale"]
[Site "Milano ITA"]
[Date "2012.02.18"]
[Round "4"]
[White "Papale, Carmelo"]
[Black "Altieri, Danilo Mario"]
[Result "1/2-1/2"]
[WhiteElo "1874"]
[BlackElo "1980"]
[PlyCount "67"]
[EventDate "2012.02.15"]

1. e4 d5 2. exd5 Nf6 3. Bc4 Nxd5 4. Nf3 g6 5. d4 Bg7 6. O-O O-O 7. c3 Nc6 8.
Re1 h6 9. Nbd2 Bf5 10. Nf1 Nb6 11. Bb3 Na5 12. Bc2 Bxc2 13. Qxc2 Nc6 14. Bf4
Nd5 15. Bg3 Re8 16. Qb3 Qd7 17. Rad1 b5 18. Qxb5 Rab8 19. Qe2 a5 20. a3 Nb6 21.
N1d2 Rb7 22. Ne4 Na4 23. Rb1 Qe6 24. Qa6 Rb6 25. Qf1 Qa2 26. b4 f5 27. Ra1 Qf7
28. Nc5 Nxc5 29. dxc5 Rb7 30. Ne5 Nxe5 31. Bxe5 axb4 32. cxb4 Ra8 33. Qd3 Bxe5
34. Rxe5 1/2-1/2

[Event "III Open A Carnevale"]
[Site "Milano ITA"]
[Date "2012.02.18"]
[Round "4"]
[White "Pelizzola, Danilo"]
[Black "Miracola, Giorgia"]
[Result "1-0"]
[WhiteElo "1963"]
[BlackElo "1798"]
[PlyCount "119"]
[EventDate "2012.02.15"]

1. e4 c5 2. Nf3 d6 3. d4 cxd4 4. Nxd4 Nf6 5. Nc3 a6 6. Be2 e5 7. Nb3 Be7 8. O-O
Nc6 9. Be3 Be6 10. Qd2 O-O 11. Rfd1 Qc7 12. Rac1 Rac8 13. Qe1 b5 14. a3 Rfd8
15. Bf3 Nb8 16. h3 Nbd7 17. Nd2 Nb6 18. Bxb6 Qxb6 19. Nf1 b4 20. axb4 Qxb4 21.
Nd5 Qb7 22. Nxe7+ Qxe7 23. Qa5 Qb7 24. b4 Rd7 25. Ne3 g6 26. c4 Nxe4 27. Bxe4
Qxe4 28. Qxa6 Ra8 29. Qb6 Rad8 30. Nd5 Kg7 31. Qe3 Qh4 32. b5 f5 33. Qg3 Qh6
34. h4 f4 35. Qg5 Qxg5 36. hxg5 Rb7 37. Ra1 Rc8 38. Ra4 Rc5 39. Ra6 Rxc4 40.
Rxd6 Bxd5 41. R1xd5 Rb4 42. Rd7+ Rxd7 43. Rxd7+ Kf8 44. Rd5 e4 45. Re5 e3 46.
fxe3 fxe3 47. Kf1 Rb2 48. g3 e2+ 49. Kf2 Kf7 50. Ke1 Kf8 51. Rc5 Ke7 52. Rc7+
Kd6 53. Rb7 Kc5 54. Rxh7 Rxb5 55. Rg7 Rb6 56. Kxe2 Kd4 57. Kf3 Ke5 58. Rf7 Kd4
59. Rf6 Rb3+ 60. Kf4 1-0

[Event "III Open A Carnevale"]
[Site "Milano ITA"]
[Date "2012.02.18"]
[Round "4"]
[White "Petrone, Gianmario"]
[Black "Villalba, Fernando"]
[Result "1-0"]
[WhiteElo "1933"]
[BlackElo "1881"]
[PlyCount "69"]
[EventDate "2012.02.15"]

1. e4 c5 2. Nf3 Nc6 3. d4 cxd4 4. Nxd4 g6 5. c4 Bg7 6. Be3 Nf6 7. Nc3 O-O 8.
Be2 d6 9. O-O Ne5 10. f3 Nc6 11. Qd2 Bd7 12. b3 Qa5 13. Rfd1 Qd8 14. Rac1 Nxd4
15. Bxd4 Bc6 16. Be3 a6 17. Nd5 Bxd5 18. cxd5 Rc8 19. Rxc8 Qxc8 20. Rc1 Qd7 21.
Qc2 Qd8 22. Qc7 Qa8 23. Qxe7 Rc8 24. Qxd6 Rxc1+ 25. Bxc1 Qa7+ 26. Kf1 h5 27.
Qd8+ Kh7 28. Qc7 Qd4 29. Qc2 Qe5 30. Kg1 Qd4+ 31. Kf1 Qe5 32. g3 h4 33. Bb2 Qg5
34. Qc1 Qh5 35. g4 1-0

[Event "III Open A Carnevale"]
[Site "Milano ITA"]
[Date "2012.02.18"]
[Round "4"]
[White "Swannie, Douglas"]
[Black "Reale, Simone"]
[Result "1/2-1/2"]
[WhiteElo "1932"]
[BlackElo "1904"]
[PlyCount "71"]
[EventDate "2012.02.15"]

1. d4 d5 2. c4 c6 3. Nf3 Nf6 4. e3 a6 5. Nc3 b5 6. c5 Bg4 7. Be2 Nbd7 8. a3 g6
9. h3 Bxf3 10. gxf3 e5 11. b4 Bg7 12. Qd3 exd4 13. exd4 O-O 14. Bg5 Re8 15. Qd2
Nf8 16. f4 Qd7 17. Bxf6 Bxf6 18. Kf1 Ne6 19. Bg4 Qe7 20. Re1 Qf8 21. Bxe6 fxe6
22. Ne2 Re7 23. Ng1 Bg7 24. Nf3 Bh6 25. Ng5 Bxg5 26. fxg5 Qf3 27. Kg1 Qxa3 28.
Kg2 Rf8 29. f4 a5 30. bxa5 b4 31. Ra1 Qc3 32. Qxc3 bxc3 33. Kg3 Ra8 34. Rhc1
Rea7 35. Rxc3 Rxa5 36. Rxa5 1/2-1/2

[Event "III Open A Carnevale"]
[Site "Milano ITA"]
[Date "2012.02.19"]
[Round "5"]
[White "Brociner, Beniamino"]
[Black "Bemporad, Filippo"]
[Result "1-0"]
[WhiteElo "1951"]
[BlackElo "2055"]
[PlyCount "83"]
[EventDate "2012.02.15"]

1. e4 c5 2. Nf3 d6 3. d4 cxd4 4. Nxd4 Nf6 5. Nc3 a6 6. Be3 b5 7. a4 b4 8. Nd5
Nxd5 9. exd5 Bb7 10. Bc4 Qc7 11. Bb3 Nd7 12. O-O Nc5 13. c4 g6 14. Bc2 e5 15.
dxe6 fxe6 16. Qe1 e5 17. Nb3 Nxb3 18. Bxb3 Bg7 19. Qxb4 O-O 20. Rad1 Rab8 21.
Qxd6 Qxd6 22. Rxd6 Bxg2 23. Kxg2 Rxb3 24. Rxa6 Rxb2 25. Rc1 Rc8 26. c5 Bf8 27.
Kf3 Rb4 28. Ke2 e4 29. Rc2 Be7 30. Ra7 Bf6 31. c6 Be5 32. Bd2 Rb3 33. a5 Bxh2
34. Rc4 Rb2 35. Rxe4 Rc2 36. Kd1 R2xc6 37. Ree7 Rd8 38. Ke1 Bd6 39. Rg7+ Kf8
40. Bh6 Bb4+ 41. Kf1 Bd2 42. Rgd7+ 1-0

[Event "III Open A Carnevale"]
[Site "Milano ITA"]
[Date "2012.02.19"]
[Round "5"]
[White "Coppola, Federico"]
[Black "Petrone, Gianmario"]
[Result "1/2-1/2"]
[WhiteElo "1814"]
[BlackElo "1933"]
[PlyCount "32"]
[EventDate "2012.02.15"]

1. e4 c5 2. Nf3 d6 3. d4 cxd4 4. Nxd4 Nf6 5. Nc3 a6 6. Bg5 e6 7. f4 Qb6 8. Qd3
Nc6 9. O-O-O Nxd4 10. Qxd4 Qxd4 11. Rxd4 Be7 12. Bxf6 gxf6 13. f5 Bd7 14. Bc4
Rg8 15. g3 Rc8 16. Bb3 Rd8 1/2-1/2

[Event "III Open A Carnevale"]
[Site "Milano ITA"]
[Date "2012.02.19"]
[Round "5"]
[White "D'Orta, Antonio"]
[Black "Pace, Pietro Dario"]
[Result "0-1"]
[WhiteElo "1920"]
[BlackElo "2294"]
[PlyCount "84"]
[EventDate "2012.02.15"]

1. e4 c5 2. Nc3 Nc6 3. Nf3 e5 4. Bc4 d6 5. h3 Be7 6. a3 Nf6 7. d3 h6 8. Be3 O-O
9. Ne2 d5 10. exd5 Nxd5 11. Bd2 Be6 12. O-O Kh7 13. c3 f5 14. Qc2 Kh8 15. Ng3
a6 16. Rfe1 Qd6 17. Rad1 b5 18. Ba2 Rae8 19. Bb1 c4 20. d4 e4 21. Ne5 Nxe5 22.
dxe5 Qc6 23. Bc1 Bc5 24. Kh2 Bg8 25. f4 exf3 26. gxf3 f4 27. Nf1 Ne3 28. Nxe3
fxe3 29. Bxe3 Rxf3 30. Bd4 Qe6 31. Qg2 Bxd4 32. cxd4 Ref8 33. Rd2 Bh7 34. d5
Qb6 35. Kh1 Bxb1 36. Rxb1 Qe3 37. Kh2 Qxe5+ 38. Kh1 Qe3 39. Kh2 Rf2 40. Rxf2
Rxf2 41. Rg1 Rxg2+ 42. Rxg2 Qe5+ 0-1

[Event "III Open A Carnevale"]
[Site "Milano ITA"]
[Date "2012.02.19"]
[Round "5"]
[White "Facchetti, Gianni"]
[Black "Montani, Francesco"]
[Result "0-1"]
[WhiteElo "2084"]
[BlackElo "2209"]
[PlyCount "100"]
[EventDate "2012.02.15"]

1. e4 e6 2. d4 d5 3. Nd2 Nc6 4. Ngf3 Nf6 5. e5 Nd7 6. c3 f6 7. exf6 Qxf6 8. Be2
Bd6 9. Nf1 O-O 10. Bg5 Qf7 11. Bh4 e5 12. dxe5 Ndxe5 13. Ne3 Ng6 14. Qxd5 Qxd5
15. Nxd5 Rxf3 16. Bxf3 Nxh4 17. Be4 Bf5 18. Bxf5 Nxf5 19. O-O Re8 20. Rae1 Rxe1
21. Rxe1 Kf7 22. Ne3 Nxe3 23. Rxe3 Ne5 24. h3 g5 25. b3 b5 26. Kf1 Kf6 27. Ke2
h5 28. Re4 Kf5 29. f3 h4 30. Rd4 a6 31. a4 Ng6 32. axb5 Nf4+ 33. Kf1 axb5 34.
c4 Be5 35. Rd8 Ne6 36. Re8 b4 37. Rb8 c5 38. Rc8 Bd6 39. Re8 Kf6 40. Ke1 Kf7
41. Ra8 Nd4 42. Ra7+ Ke6 43. Kd2 Nxb3+ 44. Kd3 Nd4 45. Ke4 Nf5 46. Rb7 Be5 47.
Kd3 Bd4 48. Rb8 Ne3 49. f4 gxf4 50. Rg8 b3 0-1

[Event "III Open A Carnevale"]
[Site "Milano ITA"]
[Date "2012.02.19"]
[Round "5"]
[White "Gonella, Daniele"]
[Black "Marchini, Daniele"]
[Result "1-0"]
[WhiteElo "2100"]
[BlackElo "1820"]
[PlyCount "33"]
[EventDate "2012.02.15"]

1. Nf3 d5 2. g3 Nf6 3. Bg2 c6 4. O-O Bg4 5. d4 Nbd7 6. c4 dxc4 7. Na3 Nb6 8.
Ne5 Bf5 9. Naxc4 Nxc4 10. Nxc4 Qc8 11. Ne5 Bh3 12. Bxh3 Qxh3 13. Qb3 e6 14.
Qxb7 Be7 15. Qxa8+ Bd8 16. Qxc6+ Ke7 17. b3 1-0

[Event "III Open A Carnevale"]
[Site "Milano ITA"]
[Date "2012.02.19"]
[Round "5"]
[White "Guzzetti, Luigi Enrico"]
[Black "Reale, Simone"]
[Result "0-1"]
[WhiteElo "1905"]
[BlackElo "1904"]
[PlyCount "86"]
[EventDate "2012.02.15"]

1. e4 c5 2. Nf3 d6 3. d4 cxd4 4. Nxd4 Nf6 5. Nc3 a6 6. Be2 e5 7. Nb3 Be7 8. O-O
O-O 9. Be3 Qc7 10. Qd2 Nbd7 11. Nd5 Nxd5 12. exd5 f5 13. f3 Qd8 14. c4 b6 15.
Rfd1 f4 16. Bf2 Bh4 17. g3 fxg3 18. hxg3 Bg5 19. Be3 Bxe3+ 20. Qxe3 Nc5 21.
Nxc5 bxc5 22. Kg2 Bd7 23. a3 a5 24. Rab1 a4 25. Rh1 Bf5 26. Bd3 Qf6 27. b4 axb3
28. Rxb3 Ra4 29. g4 Bxd3 30. Qxd3 g6 31. Rb7 Rxc4 32. Rhxh7 Rxg4+ 33. Kh3 Rf4
34. Rbg7+ Qxg7 35. Rxg7+ Kxg7 36. Qa6 Rxf3+ 37. Kg2 R3f6 38. a4 e4 39. a5 e3
40. Qb7+ R8f7 41. Qb2 Kh7 42. Qb5 Rf2+ 43. Kh1 e2 0-1

[Event "III Open A Carnevale"]
[Site "Milano ITA"]
[Date "2012.02.19"]
[Round "5"]
[White "Miracola, Giorgia"]
[Black "Swannie, Douglas"]
[Result "0-1"]
[WhiteElo "1798"]
[BlackElo "1932"]
[PlyCount "22"]
[EventDate "2012.02.15"]

1. e4 e5 2. Nf3 Nc6 3. Bc4 Nf6 4. d3 d5 5. exd5 Nxd5 6. O-O Bc5 7. Re1 O-O 8.
c3 Bg4 9. b4 Ndxb4 10. cxb4 Bd4 11. Bg5 Bxf3 0-1